000 00597nam a2200217 a 4500
001 155720
003 OSt
005 20210923125802.0
008 170301 ### HIN
020 _a9780387307770
082 _a521
_bC33C
100 _aCelletti, Alessandra
245 _aCelestial mechanics: the waltz of the planets
_cby Alessandra Celletti and Ettore Perozzi
260 _aHeidelberg
_bSpringer
_c2007
300 _axxiii, 245p.
653 _aAstronomy
653 _aCelestial mechanics
653 _aRelativity (Physics)
700 _aPerozzi, Ettore
942 _2ddc
_cBK
999 _c18159
_d18159